000 00570nam a22001937a 4500
999 _c192742
_d192742
005 20221003145008.0
010 _aB-745754
020 _a9789390697434
_c199.00
035 _aB-745754
037 _bPharos Books
082 _aS
100 _aMilne, A. A.
245 _aThe Red House Mystery/
_cA. A. Milne
260 _aDelhi
_bPharos Books
_c2021
270 _aPlot No.-55, Main Mother Dairy Road, Pandav Nagar,
_bDelhi
_e110092
300 _a208p.
_c20cm(pbk)
942 _2ddc
_cEN
_hS
_mMIL